[Event "CAN-ch U1600"]
[Site "Kingston CAN"]
[Date "2019.04.22"]
[Round "8.40"]
[White "Hua, Gary"]
[Black "Wang, Derek"]
[Result "1-0"]
[WhiteElo "1582"]
[BlackElo "1459"]
[PlyCount "161"]
[EventDate "2019.04.18"]
[EventType "swiss"]
[EventRounds "9"]
[EventCountry "CAN"]

1. c4 Nf6 2. g3 c6 3. Bg2 e6 4. b3 d5 5. Bb2 Be7 6. e3 Qb6 7. cxd5 exd5 8. Ne2
Be6 9. O-O O-O 10. Nbc3 Nbd7 11. Na4 Qa6 12. Re1 b5 13. Nac3 Nc5 14. d4 Nce4
15. Nxe4 dxe4 16. Nf4 Bf5 17. Qc2 Rac8 18. Rec1 Rfd8 19. Qe2 Qb6 20. h3 c5 21.
g4 Bg6 22. Nxg6 hxg6 23. dxc5 Rxc5 24. Rxc5 Qxc5 25. Bd4 Qd5 26. Bxa7 Qd3 27.
Qxd3 exd3 28. Bd4 Bb4 29. Rd1 d2 30. a3 Bxa3 31. Rxd2 Bc5 32. Bc3 Rc8 33. Rd3
Be7 34. g5 Nh7 35. h4 f6 36. f4 Kf7 37. Bd5+ Kf8 38. Kg2 Rd8 39. Kf3 b4 40. Bd2
f5 41. Bc4 Rxd3 42. Bxd3 Ke8 43. e4 fxe4+ 44. Bxe4 Kf7 45. Bd5+ Ke8 46. Ke4 Bd6
47. Kd4 Ke7 48. Kc4 Nf8 49. Bxb4 Nd7 50. Bxd6+ Kxd6 51. Be4 Nf8 52. b4 Ne6 53.
Bxg6 Nxf4 54. Bc2 Kc6 55. b5+ Kb6 56. Be4 Ne6 57. Bc6 Nf8 58. Be8 Ne6 59. Kd3
Nf4+ 60. Ke4 Ne6 61. Ke5 Nc7 62. Bc6 g6 63. Kf6 Nxb5 64. Bxb5 Kxb5 65. Kxg6 Kc6
66. Kf7 Kd7 67. g6 Kd8 68. g7 Kd7 69. g8=Q Kd6 70. Qe8 Kd5 71. Kf6 Kd4 72. Kf5
Kd5 73. Qd7+ Kc5 74. Ke5 Kc4 75. Qd4+ Kb3 76. Qc5 Kb2 77. Kd4 Kb3 78. Qc3+ Ka4
79. Qb2 Ka5 80. Kc5 Ka4 81. Qb4# 1-0

[Event "CAN-ch U1600"]
[Site "Kingston CAN"]
[Date "2019.04.22"]
[Round "8.41"]
[White "Wang, Rachel"]
[Black "He, Jiaqi"]
[Result "0-1"]
[WhiteElo "1528"]
[BlackElo "1451"]
[PlyCount "156"]
[EventDate "2019.04.18"]
[EventType "swiss"]
[EventRounds "9"]
[EventCountry "CAN"]

1. d4 Nf6 2. c4 g6 3. Nc3 Bg7 4. e4 d6 5. Nf3 O-O 6. Be2 Re8 7. O-O c5 8. d5 e6
9. Nd2 exd5 10. cxd5 a6 11. a4 Nbd7 12. f3 Ne5 13. Nc4 Qc7 14. Be3 Bd7 15. Qd2
Rab8 16. a5 Nxc4 17. Bxc4 Re7 18. Bg5 Rbe8 19. Qf4 Nh5 20. Qh4 Bd4+ 21. Kh1 f6
22. Bd2 Rf7 23. Ra2 Ng7 24. Ne2 Re5 25. Nxd4 cxd4 26. Rc1 Qb8 27. Qf2 f5 28.
Qxd4 fxe4 29. fxe4 Qe8 30. Re1 Bf5 31. Bd3 Bxe4 32. Bxe4 Rxe4 33. Qg1 Rxe1 34.
Bxe1 Qe2 35. Bf2 Qxf2 36. Ra1 Qxg1+ 37. Kxg1 Rf5 38. Rd1 Kf8 39. g4 Re5 40. Kf2
Ne8 41. Kf3 Nf6 42. Rc1 Nxd5 43. Rc8+ Kf7 44. Rd8 Ne7 45. Rxd6 Rxa5 46. Rb6 Rb5
47. Rxb5 axb5 48. Ke4 Ke6 49. h4 b6 50. Kd4 Nc6+ 51. Ke4 Ne5 52. Kf4 h6 53. b3
Nd3+ 54. Ke3 Nc5 55. b4 Na6 56. Kd4 Nxb4 57. Ke4 Nc6 58. Ke3 Ke5 59. Kf3 b4 60.
Ke3 b3 61. Kd3 Na5 62. Kc3 Kf4 63. Kd2 Nc4+ 64. Kc3 b2 65. Kc2 Kxg4 66. h5 gxh5
67. Kb1 h4 68. Kc2 h3 69. Kb1 h2 70. Kc2 h1=Q 71. Kb3 b1=R+ 72. Kxc4 Qe4+ 73.
Kc3 Qb4+ 74. Kd3 Rb3+ 75. Ke2 Qe4+ 76. Kd2 Qg2+ 77. Kc1 Rb2 78. Kd1 Qg1# 0-1

[Event "CAN-ch U1600"]
[Site "Kingston CAN"]
[Date "2019.04.22"]
[Round "8.42"]
[White "He, Zekai"]
[Black "Azroy, Arman"]
[Result "0-1"]
[WhiteElo "1293"]
[BlackElo "1560"]
[PlyCount "136"]
[EventDate "2019.04.18"]
[EventType "swiss"]
[EventRounds "9"]
[EventCountry "CAN"]

1. e4 e6 2. d4 d5 3. e5 c5 4. c3 Nc6 5. Nf3 Qb6 6. a3 Bd7 7. b4 cxd4 8. cxd4
Nge7 9. Be3 Nf5 10. Bd3 Nxe3 11. fxe3 g6 12. O-O Bg7 13. Nc3 Rc8 14. Rc1 O-O
15. Na4 Qd8 16. Nc5 b6 17. Nxd7 Qxd7 18. Bb5 Qb7 19. Qd3 Ne7 20. Ba6 Qd7 21.
Bxc8 Rxc8 22. Rxc8+ Qxc8 23. Nd2 Nf5 24. Nb3 Qc4 25. Qxc4 dxc4 26. Nd2 Nxe3 27.
Rf3 Bh6 28. Ne4 b5 29. h3 Nc2 30. Kf2 Nxd4 31. Rc3 Bf4 32. Nf6+ Kg7 33. Ne4
Bxe5 34. Rc1 Nb3 35. Rc2 f5 36. Ng5 Nd4 37. Rc3 Bf6 38. Nf3 e5 39. Rc1 Nb3 40.
Rc2 e4 41. Ne1 f4 42. g3 Bd4+ 43. Kg2 f3+ 44. Nxf3 exf3+ 45. Kxf3 Na1 46. Rd2
Bb6 47. Ra2 Nb3 48. Ke4 Nd4 49. Ra1 Kf6 50. h4 Ke6 51. g4 c3 52. Rc1 c2 53. Re1
Kd6 54. Rc1 h6 55. Kd3 Kd5 56. Re1 Bc7 57. Rf1 g5 58. hxg5 hxg5 59. Rc1 Bf4 60.
Rxc2 Nxc2 61. Kxc2 Ke4 62. Kd1 Kf3 63. Ke1 Kxg4 64. Kf1 Kh3 65. Kg1 Be3+ 66.
Kh1 g4 67. a4 g3 68. a5 g2# 0-1

[Event "CAN-ch U1600"]
[Site "Kingston CAN"]
[Date "2019.04.22"]
[Round "8.43"]
[White "Guillemette, Hugo"]
[Black "Lee, Ji Won"]
[Result "1-0"]
[WhiteElo "1210"]
[BlackElo "1365"]
[PlyCount "73"]
[EventDate "2019.04.18"]
[EventType "swiss"]
[EventRounds "9"]
[EventCountry "CAN"]

1. e4 c5 2. Nf3 g6 3. d4 cxd4 4. Qxd4 Nf6 5. Nc3 Nc6 6. Qa4 Bg7 7. e5 Nh5 8. g4
Nxe5 9. Nxe5 Qc7 10. gxh5 Qxe5+ 11. Be3 Qxh5 12. Be2 Qe5 13. O-O-O a6 14. Qe4
d6 15. Qxe5 Bxe5 16. Bd4 Bf4+ 17. Kb1 Rf8 18. Nd5 Rb8 19. Nxf4 e5 20. Bxe5 dxe5
21. Nd5 b5 22. Rhe1 f5 23. f3 Rf7 24. Bf1 a5 25. Rxe5+ Kf8 26. Nf4 Rfb7 27.
Rd8+ Kf7 28. Rc5 Bd7 29. Rxb8 Rxb8 30. Rc7 Kf8 31. Rxd7 Re8 32. Rd1 b4 33. Bc4
Kg7 34. Ne6+ Kh6 35. Rd4 g5 36. Rd6 Kg6 37. Nc7+ 1-0

[Event "CAN-ch U1600"]
[Site "Kingston CAN"]
[Date "2019.04.22"]
[Round "8.44"]
[White "Hay, Jonathan"]
[Black "Bilodeau-Savaria, Carl-William"]
[Result "0-1"]
[WhiteElo "1075"]
[BlackElo "1313"]
[PlyCount "82"]
[EventDate "2019.04.18"]
[EventType "swiss"]
[EventRounds "9"]
[EventCountry "CAN"]

1. e4 e5 2. Nf3 Nc6 3. c3 d5 4. Qa4 Qd6 5. exd5 Qxd5 6. Be2 Bd7 7. Qc4 Nf6 8.
O-O Bd6 9. Qxd5 Nxd5 10. Bc4 Nf6 11. Re1 O-O 12. d4 exd4 13. cxd4 Rfe8 14. Rd1
Bg4 15. Be3 Bxf3 16. gxf3 Na5 17. Bf1 Nd5 18. Bd2 Nc6 19. Nc3 Ndb4 20. Ne2 Nc2
21. Rac1 N2xd4 22. Nxd4 Nxd4 23. Bg2 Ne2+ 24. Kh1 Nxc1 25. Rxc1 Re2 26. Rd1
Rxf2 27. Bc3 Re8 28. Bd4 Rc2 29. Rg1 Bc5 30. Bxc5 Rxc5 31. Rd1 Rc2 32. b3 Rxa2
33. f4 c6 34. h4 g6 35. Rg1 Ree2 36. h5 Kg7 37. hxg6 hxg6 38. Kh2 Rxg2+ 39.
Rxg2 Rxg2+ 40. Kxg2 Kf6 41. Kf3 Kf5 0-1

[Event "CAN-ch U1600"]
[Site "Kingston CAN"]
[Date "2019.04.22"]
[Round "8.45"]
[White "Chau, Jonathan"]
[Black "Sztuka, Jeremy"]
[Result "0-1"]
[WhiteElo "934"]
[BlackElo "1454"]
[PlyCount "120"]
[EventDate "2019.04.18"]
[EventType "swiss"]
[EventRounds "9"]
[EventCountry "CAN"]

1. e4 e6 2. d4 Ne7 3. Nf3 Ng6 4. Nc3 Nc6 5. Bd3 Be7 6. Qe2 O-O 7. O-O e5 8. Be3
exd4 9. Nxd4 Nxd4 10. Bxd4 d6 11. Rad1 Nf4 12. Qf3 Nxd3 13. Qg3 Bf6 14. Rxd3
Bxd4 15. Rxd4 Qf6 16. Rfd1 Qe5 17. Qxe5 dxe5 18. R4d3 c6 19. Rd6 f6 20. b4 Kf7
21. a4 a5 22. b5 cxb5 23. Nxb5 Ra6 24. Rxa6 bxa6 25. Nd6+ Ke7 26. Nxc8+ Rxc8
27. Rd5 Rxc2 28. f3 Rc6 29. h4 Rd6 30. Rxa5 Kd7 31. Rc5 Rc6 32. Rd5+ Kc7 33. a5
Rd6 34. Rc5+ Kd7 35. g4 Rd1+ 36. Kf2 Rb1 37. Ke3 Rb3+ 38. Ke2 Rb5 39. Rxb5 axb5
40. Kd3 Kc6 41. Kc3 Kb7 42. Kb3 Ka6 43. Kb4 g5 44. hxg5 fxg5 45. Ka3 Kxa5 46.
Kb3 b4 47. Kb2 Ka4 48. Ka2 b3+ 49. Kb2 Kb4 50. Kc1 Kc3 51. Kb1 b2 52. f4 gxf4
53. g5 f3 54. g6 hxg6 55. Ka2 Kc2 56. Ka3 b1=Q 57. Ka4 Kc3 58. Ka5 Kc4 59. Ka6
Kc5 60. Ka7 Kc6 0-1

[Event "CAN-ch U1600"]
[Site "Kingston CAN"]
[Date "2019.04.22"]
[Round "8.46"]
[White "Douglas, Steven"]
[Black "Li, Allen"]
[Result "1/2-1/2"]
[WhiteElo "1492"]
[BlackElo "1262"]
[PlyCount "107"]
[EventDate "2019.04.18"]
[EventType "swiss"]
[EventRounds "9"]
[EventCountry "CAN"]

1. e4 c5 2. Nc3 d6 3. f4 Nc6 4. Bb5 Bd7 5. Bxc6 Bxc6 6. Nf3 g6 7. O-O Bg7 8. d3
e6 9. Bd2 Ne7 10. Qe1 O-O 11. Rb1 b5 12. Qf2 b4 13. Ne2 a5 14. Qh4 Bd7 15. f5
exf5 16. Bh6 f6 17. Ng3 Rf7 18. Rbe1 Qf8 19. Bxg7 Qxg7 20. Qf4 Ra6 21. Qd2 fxe4
22. dxe4 Bb5 23. Rf2 h6 24. Ne2 f5 25. exf5 Rxf5 26. c3 d5 27. Qd1 Re6 28. Qd2
Bc6 29. Ng3 Rxe1+ 30. Qxe1 Rf8 31. Re2 Rf7 32. Re6 Bd7 33. Rd6 Nf5 34. Nxf5
Rxf5 35. Rb6 Rf7 36. Ne5 Re7 37. Qg3 Bf5 38. Nf3 Kh7 39. Qd6 bxc3 40. bxc3 Re6
41. Qb8 Rxb6 42. Qxb6 Qxc3 43. Qc7+ Kg8 44. Qd8+ Kg7 45. Qe7+ Kh8 46. Qf8+ Kh7
47. Qf7+ Qg7 48. Qxd5 Qc7 49. Qc4 Qe7 50. Qc3 a4 51. a3 Qd6 52. Kf2 Be4 53. Qc4
Bxf3 54. Qf7+ 1/2-1/2

[Event "CAN-ch U1600"]
[Site "Kingston CAN"]
[Date "2019.04.22"]
[Round "8.47"]
[White "Chocina, Adam"]
[Black "Mai, Deren"]
[Result "0-1"]
[WhiteElo "1179"]
[BlackElo "1242"]
[PlyCount "82"]
[EventDate "2019.04.18"]
[EventType "swiss"]
[EventRounds "9"]
[EventCountry "CAN"]

1. d4 d5 2. c4 e6 3. Nf3 Nf6 4. Bg5 Be7 5. Nc3 O-O 6. e3 b6 7. Bd3 dxc4 8. Bxc4
Bb7 9. O-O h6 10. Bh4 Nbd7 11. Nd2 c5 12. dxc5 Nxc5 13. Qc2 Rc8 14. Rfd1 Qc7
15. f3 Qe5 16. Nf1 Rfd8 17. Bg3 Qg5 18. h4 Qh5 19. Ne2 Ncd7 20. Rac1 b5 21. Nf4
Qc5 22. Nxe6 Qxc4 23. Qxc4 Rxc4 24. Rxc4 bxc4 25. Nxd8 Bxd8 26. Nd2 Ba6 27. e4
Ba5 28. Bf2 Nb6 29. e5 Nfd5 30. Ne4 c3 31. bxc3 Nxc3 32. Nxc3 Bxc3 33. Rd8+ Kh7
34. Rf8 Bc4 35. Bxb6 axb6 36. a3 Bxe5 37. Rc8 Bd4+ 38. Kh2 Bc5 39. a4 Be6 40.
Rc6 Bd7 41. Rc7 Bd6+ 0-1

[Event "CAN-ch U1600"]
[Site "Kingston CAN"]
[Date "2019.04.22"]
[Round "8.48"]
[White "Bilodeau-Savaria, Sandy-Rose"]
[Black "De Leon, Rut Jurry"]
[Result "0-1"]
[WhiteElo "1150"]
[BlackElo "1063"]
[PlyCount "116"]
[EventDate "2019.04.18"]
[EventType "swiss"]
[EventRounds "9"]
[EventCountry "CAN"]

1. d4 g6 2. c4 Bg7 3. Nf3 d6 4. Nc3 Nd7 5. Bf4 Ngf6 6. e4 e5 7. dxe5 dxe5 8.
Bxe5 Nxe5 9. Nxe5 Qxd1+ 10. Rxd1 Nxe4 11. Nxe4 Bxe5 12. b3 O-O 13. Be2 Bf5 14.
Nc5 b6 15. Nd7 Bxd7 16. Rxd7 Rad8 17. Re7 Rfe8 18. Rxe8+ Rxe8 19. O-O Bxh2+ 20.
Kxh2 Rxe2 21. f3 Rxa2 22. Rd1 Rb2 23. Rd3 Kg7 24. Kg3 Kf6 25. Kh3 a6 26. g4 Ke6
27. Kg3 b5 28. Kf4 bxc4 29. bxc4 h6 30. Ra3 Rb6 31. Ke4 Kd6 32. Rd3+ Ke7 33.
Ra3 h5 34. gxh5 gxh5 35. Kf5 Rg6 36. f4 Kf8 37. Rh3 Rh6 38. Kg5 Kg7 39. Rd3 h4
40. Rh3 a5 41. Kf5 a4 42. Kg4 f5+ 43. Kxf5 a3 44. Rxa3 h3 45. Ra1 h2 46. Rh1
Kf7 47. Kg4 Kf6 48. f5 c5 49. Kf4 Rh4+ 50. Kg3 Rxc4 51. Rxh2 Kxf5 52. Kf3 Rc3+
53. Kg2 Rc2+ 54. Kg1 Rxh2 55. Kxh2 Ke4 56. Kg1 Kd3 57. Kf1 Kd2 58. Kf2 c4 0-1

[Event "CAN-ch U1600"]
[Site "Kingston CAN"]
[Date "2019.04.22"]
[Round "8.49"]
[White "Chau, Matthew"]
[Black "Gougeon, Patrick"]
[Result "1-0"]
[WhiteElo "875"]
[BlackElo "1204"]
[PlyCount "117"]
[EventDate "2019.04.18"]
[EventType "swiss"]
[EventRounds "9"]
[EventCountry "CAN"]

1. e4 d5 2. exd5 Qxd5 3. Nc3 Qd6 4. Nf3 Nf6 5. d4 g6 6. Be2 Bg7 7. O-O O-O 8.
Be3 a6 9. Qd2 b5 10. Bf4 Qd8 11. a3 Bb7 12. Rfe1 Re8 13. b4 c6 14. Bd3 Nbd7 15.
Nd1 Nb6 16. Nb2 Nc8 17. c3 a5 18. a4 Ba6 19. axb5 Bb7 20. bxc6 Bxc6 21. b5 Bxf3
22. gxf3 Nh5 23. Be3 f5 24. Na4 Qd6 25. Bc4+ e6 26. d5 e5 27. Bc5 Qd8 28. d6+
Kh8 29. d7 Rf8 30. Bxf8 Bxf8 31. dxc8=Q Rxc8 32. Qxd8 Rxd8 33. Rxe5 Kg7 34. Rb1
Kf6 35. Rd5 Rc8 36. Bf1 Nf4 37. Rd2 Kg5 38. b6 Rb8 39. b7 Ne6 40. c4 Kf4 41.
Be2 Bb4 42. Rd7 h6 43. c5 Bxc5 44. Nxc5 Nxc5 45. Rc7 Nxb7 46. Rbxb7 Ra8 47. Ra7
Rb8 48. Rxa5 Rb1+ 49. Bf1 Kxf3 50. Rc6 Rb2 51. Rxg6 f4 52. Bg2+ Ke2 53. Re6+
Kd2 54. Rd5+ Kc3 55. Rc6+ Kb3 56. Rb5+ Ka2 57. Bd5+ Kb1 58. Rxb2+ Kxb2 59. f3
1-0

[Event "CAN-ch U1600"]
[Site "Kingston CAN"]
[Date "2019.04.22"]
[Round "8.50"]
[White "Liao, Austin"]
[Black "De Leon, Raf Adrik"]
[Result "0-1"]
[WhiteElo "902"]
[BlackElo "1247"]
[PlyCount "108"]
[EventDate "2019.04.18"]
[EventType "swiss"]
[EventRounds "9"]
[EventCountry "CAN"]

1. e4 e5 2. Nf3 Nc6 3. Bc4 Nf6 4. Nc3 Bc5 5. Nxe5 Nxe5 6. d4 Nxc4 7. dxc5 d6 8.
cxd6 cxd6 9. Qe2 Nb6 10. Bg5 Qe7 11. Bxf6 Qxf6 12. Rb1 O-O 13. O-O Bd7 14. Rfe1
Rfe8 15. h3 Re5 16. f4 Ree8 17. Rbd1 Re7 18. Qd3 Bc6 19. Qxd6 Qxd6 20. Rxd6
Bxe4 21. Red1 g6 22. Re1 Rae8 23. Rc1 Rd7 24. Rxd7 Nxd7 25. Re1 f5 26. Nd5 Kf7
27. c4 Bxd5 28. Rxe8 Kxe8 29. cxd5 Nf6 30. Kf2 Nxd5 31. Kf3 Ke7 32. g4 Ke6 33.
g5 a5 34. b3 Kd6 35. h4 Kc5 36. h5 gxh5 37. Kg3 Kd6 38. a3 b5 39. Kh3 Nxf4+ 40.
Kh4 Ne6 41. Kxh5 Nxg5 42. Kxg5 Ke5 43. Kh4 Kf4 44. b4 axb4 45. axb4 Kf3 46. Kh3
f4 47. Kh2 Ke2 48. Kh3 f3 49. Kh2 f2 50. Kh3 f1=Q+ 51. Kh2 Qf4+ 52. Kh3 Qg5 53.
Kh2 Kf2 54. Kh3 Qh5# 0-1

[Event "CAN-ch U1600"]
[Site "Kingston CAN"]
[Date "2019.04.22"]
[Round "9.40"]
[White "Mai, Deren"]
[Black "Hua, Gary"]
[Result "1/2-1/2"]
[WhiteElo "1242"]
[BlackElo "1582"]
[PlyCount "76"]
[EventDate "2019.04.18"]
[EventType "swiss"]
[EventRounds "9"]
[EventCountry "CAN"]

1. e4 d5 2. exd5 Qxd5 3. Nc3 Qd6 4. d4 Nf6 5. Nf3 Bg4 6. g3 Nc6 7. Be3 O-O-O 8.
Bg2 e5 9. dxe5 Qxd1+ 10. Rxd1 Rxd1+ 11. Nxd1 Bxf3 12. Bxf3 Nxe5 13. Bg2 a6 14.
b3 Bb4+ 15. Ke2 Re8 16. Nb2 Ng6 17. Rd1 Bc5 18. h3 Bxe3 19. fxe3 Ne4 20. Bxe4
Rxe4 21. Kf3 Re6 22. Nd3 Rd6 23. Re1 f6 24. e4 Ne5+ 25. Nxe5 fxe5 26. Ke3 Kd7
27. Rf1 Ke7 28. c3 b5 29. Ke2 a5 30. Rd1 Ke6 31. Rd3 g5 32. Rd1 a4 33. Rxd6+
cxd6 34. bxa4 bxa4 35. c4 Kd7 36. a3 Kc6 37. Kd3 Kc5 38. Kc3 h5 1/2-1/2

[Event "CAN-ch U1600"]
[Site "Kingston CAN"]
[Date "2019.04.22"]
[Round "9.41"]
[White "Azroy, Arman"]
[Black "He, Jiaqi"]
[Result "1-0"]
[WhiteElo "1560"]
[BlackElo "1451"]
[PlyCount "113"]
[EventDate "2019.04.18"]
[EventType "swiss"]
[EventRounds "9"]
[EventCountry "CAN"]

1. e4 e5 2. Nc3 Nc6 3. Bc4 Nf6 4. d3 h6 5. f4 exf4 6. Bxf4 d6 7. h3 a6 8. Nf3
Na5 9. Bb3 Nxb3 10. axb3 Be7 11. O-O O-O 12. Qe1 Re8 13. Nd2 Nh5 14. Be3 c6 15.
Qf2 Be6 16. Nf3 Nf6 17. Nd4 Rf8 18. Nf5 Bxf5 19. Qxf5 Qd7 20. Qxd7 Nxd7 21. Rf3
Ne5 22. Rf2 Bh4 23. Rff1 Rfe8 24. Ra5 Bd8 25. Raa1 Bh4 26. Bb6 Nd7 27. Bd4 Re6
28. Ne2 Bf6 29. Bxf6 Rxf6 30. Rxf6 Nxf6 31. Nd4 Rd8 32. Nf5 Kf8 33. Rf1 h5 34.
Re1 g6 35. Nd4 Kg7 36. Nf3 Nd7 37. Kf2 Ne5 38. Ra1 Nxf3 39. Kxf3 f6 40. Ra5 Re8
41. d4 Re7 42. c4 g5 43. g3 Kg6 44. b4 Re8 45. d5 cxd5 46. Rxd5 Rd8 47. c5 Kf7
48. h4 Kg6 49. Ke3 Rd7 50. Rxd6 Rxd6 51. cxd6 Kf7 52. Kd4 Ke6 53. Kc5 Kd7 54.
Kd5 gxh4 55. gxh4 b6 56. b3 a5 57. b5 1-0

[Event "CAN-ch U1600"]
[Site "Kingston CAN"]
[Date "2019.04.22"]
[Round "9.42"]
[White "Bilodeau-Savaria, Carl-William"]
[Black "Wang, Rachel"]
[Result "1-0"]
[WhiteElo "1313"]
[BlackElo "1528"]
[PlyCount "179"]
[EventDate "2019.04.18"]
[EventType "swiss"]
[EventRounds "9"]
[EventCountry "CAN"]

1. e4 c5 2. Nf3 Nc6 3. d4 cxd4 4. Nxd4 Nf6 5. Nc3 e5 6. Nb3 Bb4 7. Bd2 Bxc3 8.
Bxc3 Nxe4 9. Qg4 Ng5 10. f4 Ne6 11. O-O-O O-O 12. fxe5 Qg5+ 13. Qxg5 Nxg5 14.
Bd3 Re8 15. h4 Ne6 16. Rhf1 Nc7 17. Bc4 Re7 18. Nc5 b6 19. Ne4 Ba6 20. Bxa6
Nxa6 21. Nd6 g6 22. h5 Nc5 23. h6 Na4 24. Bd4 Nxd4 25. Rxd4 Nc5 26. b4 Ne6 27.
Rd2 Rf8 28. Ne4 Rd8 29. Nf6+ Kh8 30. Rfd1 Nf8 31. Rd5 g5 32. g3 Re6 33. Nxd7
Rxh6 34. Nf6 Rxd5 35. Rxd5 Kg7 36. Rd8 Rh3 37. g4 Ng6 38. Re8 Re3 39. Ra8 Rxe5
40. Nh5+ Kh6 41. Rxa7 Re7 42. Ng3 Kg7 43. Nf5+ Kf6 44. Nxe7 Nxe7 45. Ra3 Nd5
46. Rb3 Ke5 47. c4 Nf4 48. Re3+ Kd4 49. Re7 Kxc4 50. Rxf7 Nd3+ 51. Kb1 Ne5 52.
Rxh7 Nxg4 53. a3 Kb3 54. Rh3+ Ka4 55. Ka2 Nf2 56. Rg3 Ne4 57. Re3 Nd2 58. Re8
g4 59. Rg8 Nc4 60. Rg7 Ne3 61. Kb2 Nc4+ 62. Kc3 Ne3 63. Ra7+ Kb5 64. a4+ Kc6
65. b5+ Kd6 66. Rg7 Nd5+ 67. Kd4 Nf6 68. Rg5 Ke6 69. Rg7 Kd6 70. Rg6 Ke7 71.
Rxf6 Kxf6 72. a5 bxa5 73. b6 g3 74. Ke3 Ke6 75. b7 g2 76. Kf2 Ke5 77. b8=Q+ Kd5
78. Qb5+ Ke4 79. Kxg2 a4 80. Qxa4+ Kd5 81. Kf3 Kc5 82. Ke4 Kd6 83. Kd4 Ke6 84.
Qb4 Kf5 85. Qe7 Kf4 86. Qf7+ Kg5 87. Ke4 Kg4 88. Qg8+ Kh3 89. Kf3 Kh4 90. Qg4#
1-0

[Event "CAN-ch U1600"]
[Site "Kingston CAN"]
[Date "2019.04.22"]
[Round "9.43"]
[White "Wang, Derek"]
[Black "Sztuka, Jeremy"]
[Result "1/2-1/2"]
[WhiteElo "1459"]
[BlackElo "1454"]
[PlyCount "156"]
[EventDate "2019.04.18"]
[EventType "swiss"]
[EventRounds "9"]
[EventCountry "CAN"]

1. Nf3 e6 2. b3 Nf6 3. Bb2 Be7 4. e3 O-O 5. Be2 c5 6. d4 Nc6 7. O-O cxd4 8.
exd4 d5 9. c4 dxc4 10. Bxc4 Na5 11. Bd3 b6 12. Nbd2 Bb7 13. Re1 Nd5 14. Be4 Rc8
15. Rc1 Nb4 16. Rxc8 Qxc8 17. Qb1 Bxe4 18. Nxe4 Nd5 19. Rc1 Qb7 20. Nc3 Nf4 21.
Rd1 Rd8 22. Qe4 Qxe4 23. Nxe4 Nc6 24. g3 Nd5 25. a3 Na5 26. b4 Nc4 27. Bc1 Nd6
28. Nxd6 Rxd6 29. Bb2 Bf6 30. Ne5 Nc7 31. Rc1 Nb5 32. Rc8+ Rd8 33. Rxd8+ Bxd8
34. a4 Nc7 35. Nc6 Bf6 36. Nxa7 Nd5 37. b5 Ne7 38. Nc6 Kf8 39. Ba3 Ke8 40. Nxe7
Bxe7 41. Bxe7 Kxe7 42. Kf1 Kd6 43. Ke2 Kd5 44. Kd3 f6 45. f4 h5 46. h4 g6 47.
Kc3 Kd6 48. Kc4 Kc7 49. d5 e5 50. fxe5 fxe5 51. Kd3 Kd7 52. Ke4 Kd6 53. a5 bxa5
54. b6 a4 55. b7 Kc7 56. Kxe5 Kxb7 57. Ke6 a3 58. d6 a2 59. d7 a1=Q 60. d8=Q
Qe1+ 61. Kf6 Qc3+ 62. Kxg6 Qxg3+ 63. Qg5 Qg4 64. Kh6 Qe6+ 65. Kxh5 Qe8+ 66. Kh6
Qh8+ 67. Kg6 Qg8+ 68. Kf5 Qd5+ 69. Kg6 Qg8+ 70. Kf6 Qd8+ 71. Kg7 Qd7+ 72. Kf6
Qd8+ 73. Kf7 Qd3 74. Qe7+ Kb6 75. Qe6+ Kb7 76. Qe7+ Kb6 77. Qf6+ Kb7 78. Qe7+
Kb6 1/2-1/2

[Event "CAN-ch U1600"]
[Site "Kingston CAN"]
[Date "2019.04.22"]
[Round "9.44"]
[White "De Leon, Rut Jurry"]
[Black "He, Zekai"]
[Result "1/2-1/2"]
[WhiteElo "1063"]
[BlackElo "1293"]
[PlyCount "53"]
[EventDate "2019.04.18"]
[EventType "swiss"]
[EventRounds "9"]
[EventCountry "CAN"]

1. g3 e5 2. Bg2 d5 3. d3 Nf6 4. Nd2 Bd6 5. e4 c6 6. Ngf3 O-O 7. O-O Bg4 8. a3
Nbd7 9. b4 Bc7 10. Bb2 Re8 11. c4 d4 12. Qb3 h6 13. c5 Be6 14. Qc2 a6 15. Nc4
Bxc4 16. Qxc4 Qe7 17. h3 Qe6 18. Nd2 Rac8 19. Kh2 Nh5 20. Qxe6 Rxe6 21. Bf3
Nhf6 22. Nc4 Rb8 23. Rac1 Ra8 24. Ra1 a5 25. Kg2 a4 26. Rac1 Rc8 27. Rg1
1/2-1/2

[Event "CAN-ch U1600"]
[Site "Kingston CAN"]
[Date "2019.04.22"]
[Round "9.45"]
[White "Lee, Ji Won"]
[Black "Chau, Matthew"]
[Result "1-0"]
[WhiteElo "1365"]
[BlackElo "875"]
[PlyCount "89"]
[EventDate "2019.04.18"]
[EventType "swiss"]
[EventRounds "9"]
[EventCountry "CAN"]

1. d4 d5 2. Bf4 Nc6 3. e3 Nf6 4. c3 Bf5 5. Bd3 Bxd3 6. Qxd3 e6 7. Nd2 Bd6 8.
Bg3 Qe7 9. f4 Nh5 10. Ngf3 Nxg3 11. hxg3 h6 12. g4 O-O-O 13. Ne5 Bxe5 14. fxe5
Rdf8 15. Nb3 b6 16. a4 a5 17. c4 dxc4 18. Qxc4 Qg5 19. Rh3 Kd7 20. d5 Nxe5 21.
dxe6+ fxe6 22. Rd1+ Kc8 23. Qxe6+ Kb8 24. Nxa5 bxa5 25. Rd5 Nd3+ 26. Rxd3 Qf6
27. Qb3+ Kc8 28. Rf3 Qh4+ 29. Kf1 Qh1+ 30. Kf2 Qh4+ 31. Kg1 Rxf3 32. gxf3 Qg3+
33. Kf1 Qxf3+ 34. Ke1 Qxg4 35. Qd5 Qb4+ 36. Rd2 c5 37. Qa8+ Qb8 38. Qxa5 Qc7
39. Qa8+ Qb8 40. Qc6+ Qc7 41. Qe6+ Kb8 42. Rd7 Qa5+ 43. Ke2 Qb4 44. Qd6+ Ka8
45. Qc6+ 1-0

[Event "CAN-ch U1600"]
[Site "Kingston CAN"]
[Date "2019.04.22"]
[Round "9.46"]
[White "Li, Allen"]
[Black "Chau, Jonathan"]
[Result "1-0"]
[WhiteElo "1262"]
[BlackElo "934"]
[PlyCount "120"]
[EventDate "2019.04.18"]
[EventType "swiss"]
[EventRounds "9"]
[EventCountry "CAN"]

1. e4 e5 2. Nf3 Nc6 3. Bb5 Nf6 4. d3 Bb4+ 5. c3 Ba5 6. Bxc6 dxc6 7. Nxe5 O-O 8.
Nc4 Bb6 9. Nxb6 cxb6 10. Bg5 Re8 11. O-O c5 12. Re1 Qd6 13. Bxf6 Qxf6 14. Na3
Bd7 15. Nc2 Rac8 16. d4 Ba4 17. b3 Bc6 18. d5 Rcd8 19. c4 a6 20. f3 b5 21. Qe2
Bd7 22. a4 bxa4 23. bxa4 a5 24. Qd2 b6 25. Ne3 g6 26. Kh1 Rb8 27. h3 h5 28. Rf1
g5 29. g4 h4 30. Nf5 Bxf5 31. exf5 Re7 32. Rab1 Rbe8 33. Rfe1 Qd4 34. Rxe7 Qxd2
35. Rxe8+ Kg7 36. Ree1 Qd3 37. Rf1 Qxc4 38. d6 Qxa4 39. Rxb6 c4 40. Rb7 Qe8 41.
d7 Qd8 42. Rd1 c3 43. Rc1 Qa8 44. Rf1 Qa6 45. Kg2 c2 46. d8=Q Qxf1+ 47. Kxf1
c1=Q+ 48. Ke2 Qc2+ 49. Qd2 Qc4+ 50. Kf2 Qc5+ 51. Kg2 Qe5 52. Qxg5+ Kf8 53. Qxh4
a4 54. Ra7 Qb2+ 55. Qf2 a3 56. Qxb2 axb2 57. Rb7 Kg7 58. Rxb2 f6 59. f4 Kh6 60.
Kg3 Kh7 1-0

[Event "CAN-ch U1600"]
[Site "Kingston CAN"]
[Date "2019.04.22"]
[Round "9.47"]
[White "Douglas, Steven"]
[Black "Chocina, Adam"]
[Result "1-0"]
[WhiteElo "1492"]
[BlackElo "1179"]
[PlyCount "69"]
[EventDate "2019.04.18"]
[EventType "swiss"]
[EventRounds "9"]
[EventCountry "CAN"]

1. e4 e5 2. Nf3 Nc6 3. Bc4 Bc5 4. b4 Bxb4 5. c3 Ba5 6. d4 d6 7. Qb3 Qd7 8. Ng5
Nh6 9. Nxf7 Nxf7 10. f4 Nxd4 11. Qd1 b5 12. Bxf7+ Qxf7 13. O-O O-O 14. cxd4 Bb6
15. Bb2 Bb7 16. Qd3 a6 17. Nd2 Rae8 18. fxe5 Qg6 19. Kh1 dxe5 20. d5 Qd6 21.
Rf3 Rxf3 22. Nxf3 c5 23. Rf1 c4 24. Qc3 Bc7 25. Ng5 a5 26. Ne6 Rxe6 27. dxe6
Qxe6 28. Qf3 Bd6 29. Bxe5 Bxe4 30. Qxe4 Qxe5 31. Qa8+ Bb8 32. g3 b4 33. Qb7 Qe8
34. Qd5+ Kh8 35. Rd1 1-0

[Event "CAN-ch U1600"]
[Site "Kingston CAN"]
[Date "2019.04.22"]
[Round "9.48"]
[White "De Leon, Raf Adrik"]
[Black "Bilodeau-Savaria, Sandy-Rose"]
[Result "1-0"]
[WhiteElo "1247"]
[BlackElo "1150"]
[PlyCount "87"]
[EventDate "2019.04.18"]
[EventType "swiss"]
[EventRounds "9"]
[EventCountry "CAN"]

1. e4 c5 2. Nf3 e6 3. d4 cxd4 4. Nxd4 Nc6 5. Nxc6 bxc6 6. Nc3 Qc7 7. g3 d5 8.
exd5 cxd5 9. Bg2 Nf6 10. O-O a6 11. Re1 h6 12. Nxd5 Nxd5 13. Qxd5 Ra7 14. Qc6+
Qd7 15. Qxd7+ Bxd7 16. Bf4 a5 17. Rad1 Be7 18. Rd2 O-O 19. Red1 Bb5 20. Bd6
Bxd6 21. Rxd6 Rc7 22. c3 Rb8 23. Rd8+ Rxd8 24. Rxd8+ Kh7 25. Ra8 Rd7 26. h4 Rd2
27. Rxa5 Rxb2 28. Ra7 f6 29. Rb7 Rb1+ 30. Kh2 f5 31. c4 Rb2 32. Rxb5 Rxa2 33.
c5 e5 34. c6 e4 35. Rxf5 Ra4 36. Rf4 Rc4 37. Bxe4+ g6 38. f3 Kg7 39. Bd5 Rc2+
40. Kh3 g5 41. Rf7+ Kh8 42. c7 Kg8 43. Rd7+ Kf8 44. Rd8+ 1-0